000 00491nam a22001337a 4500
005 20241109163450.0
008 241105b |||||||| |||| 00| 0 eng d
100 _aPeter, Carsten.
_eauthor.
_963573
245 _aCanary islands, Spain :
_ban island on fire raging in the dark /
_cCarsten Peter.
260 _aWashington;
_bNational Geographic Partners, LLC.,
_cDecember 2022.
300 _aVolume 241, pages 8-10,
_billustration.
700 _aPeter, Carsten.
_eauthor.
_963572
942 _2ddc
_cPER
999 _c22984
_d22984